000 00575nam a22002177a 4500
003 OSt
005 20140428095702.0
008 131008t xxu||||| |||| 00| 0 eng d
020 _a9780439841177
050 _aPZ 7
_b.St857g26 2006
100 _aStilton, Geronimo
245 _aThe mummy with no name /
_bGeronimo Stilton.
260 _aNew York :
_bScholastic Inc.,
_c2006
300 _a98 p. :
_bill. col. ;
_c20 cm.
440 _aGeronimo Stilton
_n#26
521 _aG3
526 _c570
650 _aFiction
_xJuvenile
_926638
942 _2lcc
_cBK
999 _c42967
_d42967